Children of U.S. Presidents - Statistics

General Stats
  • This quiz has been taken 16,649 times
    11,723 since last reset
  • The average score is 10 of 20
Answer Stats
President Child % Correct
Donald Trump Donald Jr.
88%
George H. W. Bush George W.
87%
Donald Trump Ivanka
84%
Donald Trump Barron
74%
Joe Biden Hunter
73%
Bill Clinton Chelsea
72%
George H. W. Bush Jeb
69%
Barack Obama Malia
66%
Barack Obama Sasha
65%
Donald Trump Eric
62%
Joe Biden Beau
52%
Donald Trump Tiffany
51%
George W. Bush Barbara
38%
George W. Bush Jenna
35%
Joe Biden Ashley
19%
Joe Biden Naomi
17%
George H. W. Bush Neil
11%
George H. W. Bush Robin
11%
George H. W. Bush Dorothy
10%
George H. W. Bush Marvin
8%
No matching quizzes found
Score Distribution
Percent of People with Each Score
Percentile by Number Answered
Your Score History
You have not taken this quiz since the last reset